[Event "WJun (Girls)"]
[Site "Yerevan ARM"]
[Date "2000.09.20"]
[Round "3"]
[White "Jackova,J"]
[Black "Sorokina,A"]
[Result "1/2-1/2"]
[WhiteElo "2358"]
[BlackElo "2189"]

1.e4 c5 2.Nf3 e6 3.Nc3 Nc6 4.d4 cxd4 5.Nxd4 Nf6 6.Ndb5 d6 7.Bf4 e5 8.Bg5 a6
9.Na3 b5 10.Bxf6 gxf6 11.Nd5 Bg7 12.c3 f5 13.exf5 Bxf5 14.Nc2 O-O 15.Nce3 Be6
16.Bd3 f5 17.a4 b4 18.O-O bxc3 19.bxc3 e4 20.Bc4 Ne5 21.Nf4 Bxc4 22.Nxc4 Nxc4
23.Qd5+ Kh8 24.Qxc4 Qc8 25.Qd5 Be5 26.Ne6 Rf6 27.Nd4 Qg8 28.Qxg8+ Rxg8 29.Rab1 Rfg6
30.g3 f4 31.Nc6 Bf6 32.Rfd1 Bh4 33.Kf1 Bg5 34.Rb4 e3 35.h4 Bxh4 36.Rxf4 Bg5
37.Rf3 exf2 38.Kxf2 Rc8 39.Nb4 a5 40.Nd5 Re6 41.Rb1 Rce8 42.Rf7 Re5 43.Nc7 Rc8
44.Rb7 Re7 45.Rxe7 Bxe7 46.Nd5 Bf8 47.Ra7 Bg7 48.Rxa5 Bxc3 49.Nxc3 Rxc3 50.Rd5 Ra3  1/2-1/2

[Event "World Seniors"]
[Site "Rowy POL"]
[Date "2000.09.21"]
[Round "9"]
[White "Klovans,J"]
[Black "Shestoperov,A"]
[Result "1-0"]
[WhiteElo "2481"]
[BlackElo "2428"]

1.e4 c5 2.Nf3 e6 3.d4 cxd4 4.Nxd4 Nc6 5.Nc3 a6 6.Be2 Qc7 7.O-O Nf6 8.Be3 Bb4
9.Na4 O-O 10.c4 Bd6 11.g3 Nxe4 12.Bf3 Nc5 13.Nxc5 Bxc5 14.Nxc6  1-0

[Event "Super Final"]
[Site "Buenos Aires ARG"]
[Date "2000.09.22"]
[Round "5"]
[White "Polgar,Ju"]
[Black "Ricardi,P"]
[Result "1/2-1/2"]
[WhiteElo "2656"]
[BlackElo "2488"]

1.e4 c5 2.Nf3 e6 3.d4 cxd4 4.Nxd4 Nc6 5.Nc3 Qc7 6.Be2 a6 7.O-O Nf6 8.Kh1 Nxd4
9.Qxd4 Bc5 10.Qd3 b5 11.f4 Bb7 12.Bf3 d6 13.e5 dxe5 14.Nxb5 axb5 15.Qxb5+ Ke7
16.Qxb7 Qxb7 17.Bxb7 Rab8 18.Ba6 e4 19.a4 Rhd8 20.a5 Ng4 21.h3 Nf2+ 22.Kh2 Nd1
23.Re1 f5 24.b3 Nc3 25.Bc4 Ra8 26.a6 Nd5 27.Kg3 h6 28.Rd1 Ne3 29.Rxd8 Rxd8
30.Ra5 Bb6 31.Rb5 Nxc4 32.bxc4 Bd4 33.Rb7+ Kd6 34.Ba3+ Kc6 35.Re7 Kb6 36.Rxe6+ Ka7
37.c5 Rc8 38.c6 Kxa6 39.c7+ Kb7 40.Bd6 Bb6 41.Rg6 Rg8 42.Be5 Bxc7 43.Rxg7 Rxg7+
44.Bxg7 h5 45.Kh4 Bxf4 46.Bc3 Kc6 47.Kxh5 Bc1 48.Kg6 f4 49.Kf5 Kd5 50.Be1 Kd4
51.h4 f3 52.gxf3 exf3 53.Kg4 Ke3 54.c4 Ba3 55.h5 Bf8 56.Kf5 Kd4 57.Bf2+ Kxc4
58.Ke4 Bg7 59.Be3 Bf8 60.Kxf3  1/2-1/2

[Event "World Seniors"]
[Site "Rowy POL"]
[Date "2000.09.22"]
[Round "10"]
[White "Bylino,O"]
[Black "Arkhangelsky,B"]
[Result "1/2-1/2"]
[WhiteElo "2264"]
[BlackElo "2424"]

1.e4 c5 2.Nf3 e6 3.d4 cxd4 4.Nxd4 Nc6 5.Nc3 Nf6 6.Ndb5 d6 7.Bf4 e5 8.Bg5 a6
9.Bxf6 gxf6 10.Na3 b5 11.Nd5 f5 12.c3 Bg7 13.exf5 Bxf5 14.Nc2 O-O 15.Nce3 Be6
16.g3 f5 17.Bh3 Ne7 18.O-O Rb8 19.Qd2 Bh6 20.Nxe7+ Qxe7 21.Nxf5 Bxf5 22.Qxh6 Rf6
23.Qg5+ Bg6 24.Bg2 Kh8 25.Bf3 Bf7 26.Rfe1 Qc7 27.b4 Rf8 28.Re2 Re8 29.Ree1 Bc4
30.Rxe5 Be6 31.Rae1 Bxa2 32.Bd5 Ref8 33.Rd1 Rc8 34.Re4 Qb6 35.Rd2 Rg6 36.Bxa2  1/2-1/2

[Event "4NCL"]
[Site "Birmingham ENG"]
[Date "2000.09.23"]
[Round "1"]
[White "Tidman,S"]
[Black "Yurenok,M"]
[Result "1-0"]
[WhiteElo "2042"]
[BlackElo "2058"]

1.e4 c5 2.Nf3 e6 3.d4 cxd4 4.Nxd4 Nc6 5.Nc3 a6 6.Nxc6 bxc6 7.Bd3 d5 8.O-O Nf6
9.Kh1 Be7 10.f4 O-O 11.Qe1 Nd7 12.Rf3 Nc5 13.b3 Nxd3 14.cxd3 Bb7 15.f5 d4
16.Ne2 exf5 17.Rxf5 Bc8 18.Rf1 c5 19.Ng3 Qb6 20.Nf5 Bxf5 21.Rxf5 Rac8 22.Ba3 g6
23.Rf3 Bg5 24.Bc1 Bxc1 25.Qxc1 f6 26.Qh6 Qc7 27.Raf1 Qg7 28.Qh4 Rc6 29.Qg4 Rb6
30.Qf4 Rc6 31.Rg3 Qc7 32.Qf5 Qc8 33.Rxg6+ Kf7 34.Rxf6+ Rxf6 35.Qxf6+ Kg8
36.Qxf8+ Qxf8 37.Rxf8+ Kxf8 38.g4  1-0

[Event "WJun (Girls)"]
[Site "Yerevan ARM"]
[Date "2000.09.23"]
[Round "5"]
[White "Leclair,M"]
[Black "Gasparian,M"]
[Result "0-1"]
[WhiteElo "2050"]
[BlackElo "2090"]

1.e4 c5 2.Nf3 e6 3.d4 cxd4 4.Nxd4 Nc6 5.Nc3 Qc7 6.g3 a6 7.Bg2 d6 8.a4 Nf6
9.O-O Bd7 10.Be3 Be7 11.Kh1 O-O 12.f4 Rac8 13.g4 Nxd4 14.Bxd4 e5 15.fxe5 dxe5
16.g5 exd4 17.gxf6 dxc3 18.fxe7 Rfe8 19.bxc3 Rxe7 20.Ra3 Qc5 21.Qc1 Bc6 22.Rf4 Rce8
23.Rb3 Bxa4 24.Rb4 Bc6 25.Qd2 a5 26.Rd4 a4 27.Rg4 f5 28.Rg5 a3 29.Rd8 a2
30.Rxe8+ Rxe8 31.Qe1 Qb5 32.Bf3 Qb1 33.Rg1 Qxe1 34.Rxe1 Ra8 35.Ra1 Bxe4 36.Bxe4 fxe4
37.Kg2 Kf7 38.Kg3 Ke6 39.Kf4 Kd5 40.Ke3 Kc4 41.Kd2 e3+  0-1

[Event "TCh-FIN 00-01"]
[Site "FIN"]
[Date "2000.09.24"]
[Round "2"]
[White "Rytshagov,M"]
[Black "Agopov,M"]
[Result "1-0"]
[WhiteElo "2525"]
[BlackElo "2354"]

1.e4 c5 2.Nf3 Nc6 3.d4 cxd4 4.Nxd4 e6 5.Nc3 Qc7 6.Be2 a6 7.O-O Nf6 8.Be3 d6
9.f4 Be7 10.Qe1 O-O 11.Qg3 Bd7 12.Rae1 b5 13.a3 Nxd4 14.Bxd4 Bc6 15.Bd3 e5
16.fxe5 Nh5 17.Qf3 dxe5 18.Nd5 Bxd5 19.exd5 exd4 20.Qe4 g6 21.Qxe7 Ra7 22.Qb4 Nf4
23.Qxd4 Nxd3 24.cxd3 Rd8 25.Rf6 Qb8 26.Rb6 Qc8 27.d6 Re8 28.Rxe8+ Qxe8 29.h4 h5
30.Qe4 Qd8 31.Rc6 Kh7 32.Qf4 Rd7 33.b4 a5 34.bxa5 Qxa5 35.Rc7 Qe1+ 36.Kh2 Qe6
37.Rxd7 Qxd7 38.Qf6 Kg8 39.Qd4 Qd8 40.d7 f6 41.Qd6 Kf7 42.d4  1-0

[Event "WJun (Girls)"]
[Site "Yerevan ARM"]
[Date "2000.09.25"]
[Round "7"]
[White "Jackova,J"]
[Black "Gasparian,M"]
[Result "1/2-1/2"]
[WhiteElo "2358"]
[BlackElo "2090"]

1.e4 c5 2.Nf3 e6 3.Nc3 Nc6 4.d4 cxd4 5.Nxd4 Qc7 6.Be3 a6 7.Bd3 Nf6 8.O-O Bd6
9.Nxc6 bxc6 10.f4 e5 11.f5 Bb7 12.Nb1 Be7 13.Nd2 d5 14.c4 O-O 15.Qb3 d4 16.Bg5 c5
17.Bxf6 Bxf6 18.Qd1 Bg5 19.Rf3 Qe7 20.Nf1 Rad8 21.Qe1 Rd6 22.g3 Rfd8 23.h4 Be3+
24.Kg2 Bc6 25.Qe2 Qb7 26.Qc2 a5 27.b3 Qb4 28.a3 Qc3 29.Rd1 Qxc2+ 30.Bxc2 Bh6
31.Kf2 Rb8 32.Rb1 Ba8 33.Nh2 Rdb6 34.Ng4 f6 35.Nxh6+ gxh6 36.a4 d3 37.Rxd3 Bxe4
38.Rd2 Bxc2 39.Rxc2 Rxb3 40.Rxb3 Rxb3 41.Rd2 Rb4 42.Rd8+ Kf7 43.Rd7+ Kg8
44.Rd8+ Kf7 45.Rd7+  1/2-1/2

[Event "V ECC Women"]
[Site "Halle GER"]
[Date "2000.09.27"]
[Round "4"]
[White "Grosar,K"]
[Black "Schuster,B"]
[Result "1-0"]
[WhiteElo "2223"]
[BlackElo "2112"]

1.e4 c5 2.Nf3 e6 3.d4 cxd4 4.Nxd4 Nc6 5.Nc3 Qc7 6.Be2 a6 7.O-O b5 8.Nxc6 Qxc6
9.Bf3 Bb7 10.e5 Qc7 11.Bxb7 Qxb7 12.Qd3 f5 13.exf6 Nxf6 14.Bg5 Be7 15.Rad1 Rd8
16.Kh1 O-O 17.f4 Rf7 18.Rf3 b4 19.Bxf6 gxf6 20.Ne4 f5 21.Rg3+ Rg7 22.Rxg7+ Kxg7
23.Qd4+ Kg6 24.Nd6 Qc6 25.Nc4 d6 26.b3 Bf6 27.Qe3 d5 28.Ne5+ Bxe5 29.Qxe5 Kf7
30.Qe2 Kg6 31.Rd3 h6 32.Rg3+ Kh7 33.Re3 Rd6 34.h3 a5 35.Qh5 Rd7 36.Qe8 Qb5
37.Kh2 d4 38.Rg3  1-0

[Event "It"]
[Site "Medellin COL"]
[Date "2000.09.29"]
[Round "4"]
[White "Ostos,J"]
[Black "Gamboa,N"]
[Result "0-1"]
[WhiteElo "2344"]
[BlackElo "2351"]

1.e4 c5 2.Nf3 Nc6 3.Nc3 e6 4.d4 cxd4 5.Nxd4 Qc7 6.Be2 a6 7.O-O Nf6 8.Kh1 Be7
9.a4 O-O 10.f4 d6 11.Bf3 Bd7 12.Re1 Nxd4 13.Qxd4 e5 14.Qf2 b5 15.axb5 axb5
16.Rxa8 Rxa8 17.Qg3 Ra1 18.fxe5 dxe5 19.Bg5 Rxe1+ 20.Qxe1 b4 21.Bxf6 Bxf6
22.Nd5 Qxc2 23.Nxb4 Qxb2 24.Nd5 Bg5 25.h4 Bd2 26.Qg3 Be6 27.Qf2 Qc1+ 28.Qg1 Be1
29.g3 h6 30.Kh2 Qd2+ 31.Bg2 Bf2 32.Qb1 Kh7 33.Bf3 Bc5+ 34.Bg2 f5 35.Kh1 f4  0-1

[Event "ch-HUN KO"]
[Site "Budapest HUN"]
[Date "2000.10.03"]
[Round "4.2"]
[White "Boros,Da"]
[Black "Czebe,A"]
[Result "0-1"]
[WhiteElo "2389"]
[BlackElo "2520"]

1.e4 c5 2.Nc3 Nc6 3.Nge2 e6 4.d4 cxd4 5.Nxd4 Nf6 6.Ndb5 d6 7.Bf4 e5 8.Bg5 a6
9.Na3 b5 10.Bxf6 gxf6 11.Nd5 f5 12.Bxb5 axb5 13.Nxb5 Ra4 14.Nbc7+ Kd7 15.c4 Rxc4
16.O-O Nd4 17.Nb6+ Kxc7 18.Nxc4 Bb7 19.Rc1 Kb8 20.Rc3 Rg8 21.f4 f6 22.Rf2 d5
23.exd5 Qxd5 24.Ne3 Qe4 25.fxe5 Bh6 26.Qd2 Rxg2+  0-1

[Event "EuYCh B18"]
[Site "Halkidiki GRE"]
[Date "2000.10.05"]
[Round "4"]
[White "Jakubowski,K"]
[Black "Grigoriants,S RUS"]
[Result "1/2-1/2"]
[WhiteElo "2364"]
[BlackElo "2503"]

1.e4 c5 2.Nf3 Nc6 3.d4 cxd4 4.Nxd4 e6 5.Nc3 d6 6.Be3 Nf6 7.Be2 Be7 8.O-O Bd7
9.f4 Nxd4 10.Bxd4 Bc6 11.Bd3 O-O 12.Kh1 Nd7 13.Qf3 e5 14.fxe5 dxe5 15.Be3 Bb4
16.Qg3 Kh8 17.Nd5 Bxd5 18.exd5 Qe7 19.Bg5 f6 20.Qh4 g6  1/2-1/2

[Event "EuYCh B18"]
[Site "Halkidiki GRE"]
[Date "2000.10.06"]
[Round "5"]
[White "Palecha,A"]
[Black "Mastrovasilis,D"]
[Result "0-1"]
[WhiteElo "2138"]
[BlackElo "2386"]

1.e4 c5 2.Nf3 e6 3.d4 cxd4 4.Nxd4 Nc6 5.Nc3 Qc7 6.g3 a6 7.Bg2 d6 8.O-O Be7
9.Re1 Bd7 10.Nxc6 Bxc6 11.Qg4 h5 12.Qe2 Nf6 13.a4 h4 14.Be3 hxg3 15.hxg3 Kf8
16.Rad1 g6 17.Bd4 e5 18.Be3 Kg7 19.Rd2 Rh5 20.Bf3 Rh7 21.b3 Rah8 22.Red1 Qc8
23.Nd5 Bxd5 24.exd5 Rh2 25.g4 R8h3 26.g5 Nh5 27.Bg2 Rh4 28.f3 Ng3 29.Qd3 Qh8
30.a5 Qh5 31.f4 Rxg2+ 32.Kxg2 Qg4 33.Rg1  0-1

[Event "EuYCh B16"]
[Site "Halkidiki GRE"]
[Date "2000.10.06"]
[Round "5"]
[White "Mamedov,N"]
[Black "Flumbort,A"]
[Result "1-0"]
[WhiteElo "2403"]
[BlackElo "2355"]

1.e4 c5 2.Nf3 Nc6 3.Nc3 e6 4.d4 cxd4 5.Nxd4 Qc7 6.Be3 a6 7.Bd3 b5 8.O-O Bb7
9.Kh1 Nf6 10.a3 h5 11.f4 Ng4 12.Bg1 g5 13.Nxc6 dxc6 14.fxg5 O-O-O 15.e5 Nxe5
16.Qe2 Be7 17.g6 Nxd3 18.cxd3 fxg6 19.Qxe6+ Qd7 20.Rae1 Bh4 21.Qxd7+ Rxd7
22.Re4 Bd8 23.Re6 h4 24.Ne4 Ba8 25.Nc5 Re7 26.Rxg6 h3 27.gxh3 Bb6 28.b4 Reh7
29.Rgf6 Bxc5 30.Bxc5 Kd7 31.Rf7+ Rxf7 32.Rxf7+ Ke6 33.Re7+ Kf5 34.Kg2 Rb8
35.Kf2 Kf6 36.h4 Bb7 37.h5 Kg5 38.Ke3 Kxh5 39.Ba7  1-0

[Event "Abihome Open"]
[Site "Brussels BEL"]
[Date "2000.10.07"]
[Round "1"]
[White "Fressinet,L"]
[Black "Michiels,B"]
[Result "1-0"]
[WhiteElo "2536"]
[BlackElo "2055"]

1.e4 c5 2.Nc3 Nc6 3.Nf3 e6 4.d4 cxd4 5.Nxd4 Qc7 6.Be3 a6 7.Bd3 Nf6 8.O-O b5
9.Nb3 Bb7 10.f4 d6 11.Qf3 Be7 12.Qh3 Rc8 13.a3 b4 14.axb4 Nxb4 15.Nd4 O-O
16.g4 Nxd3 17.cxd3 e5 18.Nf5 exf4 19.Rxf4 d5 20.g5 Ne8 21.Nxd5 Bxd5 22.Nxe7+ Qxe7
23.Qxc8 Qxg5+ 24.Kh1 Nf6 25.Qc5 Qe5 26.Qd4 Qxd4 27.Bxd4 Bc6 28.Rxf6 gxf6
29.Rg1+  1-0

[Event "EuYCh B18"]
[Site "Halkidiki GRE"]
[Date "2000.10.07"]
[Round "6"]
[White "Jakubowski,K"]
[Black "Mastrovasilis,D"]
[Result "0-1"]
[WhiteElo "2364"]
[BlackElo "2386"]

1.e4 c5 2.Nf3 e6 3.d4 cxd4 4.Nxd4 Nc6 5.Nc3 Qc7 6.Be3 a6 7.Bd3 Nf6 8.O-O h5
9.h3 b5 10.Nxc6 Qxc6 11.a3 Bb7 12.Qe2 h4 13.Rfd1 Rc8 14.Rac1 Bxa3 15.Nxb5 axb5
16.Bxb5 Qxe4 17.f3 Qe5 18.bxa3 Nd5 19.Bd4 Qxe2 20.Bxe2 Bc6 21.c4 Nf4 22.Bf1 f6
23.Be3 g5 24.Ra1 Ra8 25.Rdb1 Kf7 26.Rb4 Ra4 27.Kf2 Rha8 28.Rxa4 Rxa4 29.Ke1 e5
30.Kd2 f5 31.Kc3 Ra8 32.Bc5 g4 33.fxg4 fxg4 34.Ra2 g3 35.Be3 Kf6 36.Bc1 Ke6
37.Bxf4 exf4 38.Kd4 f3 39.gxf3 Bxf3 40.a4 Ra5 41.c5 Bc6 42.Bg2 Rxa4+  0-1

[Event "Tatry Open"]
[Site "Tatranske Zruby SVK"]
[Date "2000.10.07"]
[Round "1"]
[White "Vesselovsky,S"]
[Black "Bakalar,J"]
[Result "1/2-1/2"]
[WhiteElo "2417"]
[BlackElo "2071"]

1.e4 c5 2.Ne2 Nc6 3.Nbc3 e6 4.d4 cxd4 5.Nxd4 Qc7 6.Be2 a6 7.O-O b5 8.Nxc6 Qxc6
9.Bf3 Bb7 10.Re1 Rc8 11.Bf4 Bc5 12.e5 Qb6 13.Be3 Bxe3 14.Rxe3 f5 15.exf6 Nxf6
16.Bxb7 Qxb7 17.Qe2 O-O 18.Ne4 Nxe4 19.Rxe4 Qb6 20.c3 Rf6 21.Rd4 d5 22.Qe3 Rcf8
23.f3 a5 24.Re1 b4 25.c4 Rf4 26.Rxf4 Qxe3+ 27.Rxe3 Rxf4 28.cxd5 exd5 29.Rd3 Rc4
30.Rxd5 Rc1+ 31.Kf2 Rc2+ 32.Kg3 a4 33.Ra5 Rxb2 34.Rxa4 b3 35.axb3 Rxb3 36.Ra7 Rb2
37.h4 Rb5 38.Kf4 Rb4+ 39.Kg5 Rb5+ 40.Kg4 h5+ 41.Kf4 Kh7 42.Re7 Kh6 43.Re6+ g6
44.g4 hxg4 45.fxg4 Rb4+ 46.Re4 Rb5 47.Ra4 Rc5 48.Ke4 Rb5 49.Kd4 Rb1 50.Ke5 Re1+
51.Re4 Rh1 52.Kf6 Rf1+ 53.Ke6 Rh1 54.Kf6 Rf1+ 55.Ke5 Rh1 56.Kf4 Rf1+ 57.Kg3 Rg1+
58.Kf2 Rb1 59.Re3 Rb2+ 60.Kf3 Rb4 61.Re7 Rb3+ 62.Kf4 Rb4+ 63.Re4 Rb5 64.Rd4 Ra5
65.Rd7 Ra4+ 66.Kf3 Ra3+ 67.Kf2 Ra2+ 68.Ke3 Ra3+  1/2-1/2

[Event "Match"]
[Site "Albert FRA"]
[Date "2000.10.11"]
[Round "2"]
[White "Short,N"]
[Black "Bacrot,E"]
[Result "1-0"]
[WhiteElo "2677"]
[BlackElo "2613"]

1.e4 c5 2.Nf3 Nc6 3.d4 cxd4 4.Nxd4 e6 5.Nc3 d6 6.Be3 Nf6 7.Bd3 Be7 8.O-O O-O
9.h3 e5 10.Nde2 Be6 11.Nd5 Bxd5 12.exd5 Nb4 13.c4 b5 14.Nc3 Nxd3 15.Qxd3 bxc4
16.Qxc4 Qb8 17.b4 Rc8 18.Qb3 Bd8 19.Rac1 Bb6 20.Bg5 Ne8 21.Ne4 Qb7 22.g4 h6
23.Bd2 Rc7 24.b5 f5 25.gxf5 Rxc1 26.Rxc1 Qf7 27.Ng3 Nf6 28.Rc6 Rd8 29.a4 Bd4
30.a5 Nh5 31.b6 axb6 32.axb6 Rb8 33.Rxd6 Nxg3 34.Qxg3 Bxb6 35.Bxh6 Kh7 36.Bxg7 Qxg7
37.Rg6 Qe7 38.Rh6+  1-0

[Event "Match"]
[Site "Albert FRA"]
[Date "2000.10.13"]
[Round "4"]
[White "Short,N"]
[Black "Bacrot,E"]
[Result "1-0"]
[WhiteElo "2677"]
[BlackElo "2613"]

1.e4 c5 2.Nf3 Nc6 3.d4 cxd4 4.Nxd4 e6 5.Nc3 d6 6.Be3 Nf6 7.Be2 Be7 8.Qd2 O-O
9.O-O-O a6 10.f4 Nxd4 11.Qxd4 Rb8 12.e5 dxe5 13.Qxe5 Nd7 14.Qxb8 Nxb8 15.Rxd8 Bxd8
16.Bf3 Bc7 17.Rd1 Nc6 18.g3 Rd8 19.Rxd8+ Nxd8 20.Na4 Bd7 21.Nc5 Bc8 22.Na4 Bd7
23.Bb6 Bxb6 24.Nxb6 Bc6 25.Bxc6 Nxc6 26.Nd7 f6 27.Nc5 Nd8 28.b4 Kf7 29.a4 Ke7
30.a5 Kd6 31.c4 Nc6 32.Nxb7+ Kc7 33.Nc5 Nxb4 34.Nxe6+ Kd6 35.Nxg7 Nc6 36.Kd2 Nxa5
37.Kc3 Kc5 38.Ne6+ Kd6 39.Nd4 Kc5 40.Ne6+ Kd6 41.Ng7 Kc5 42.Ne8 Nxc4 43.Nxf6 Ne3
44.Kd3 Nf1 45.Ne4+ Kd5 46.h3  1-0

[Event "Tatry Open"]
[Site "Tatranske Zruby SVK"]
[Date "2000.10.13"]
[Round "7"]
[White "Felcir,J"]
[Black "Privara,I"]
[Result "0-1"]
[WhiteElo "2194"]
[BlackElo "2270"]

1.e4 c5 2.Nf3 Nc6 3.Nc3 e6 4.d4 cxd4 5.Nxd4 Nf6 6.Bg5 Bb4 7.Nxc6 bxc6 8.Qf3 h6
9.Bh4 e5 10.a3 Be7 11.Bc4 d6 12.O-O O-O 13.Rfe1 Rb8 14.b3 a5 15.h3 Ne8 16.Bg3 Kh8
17.Rad1 Qc7 18.Bd3 Be6 19.Qh5 Nf6 20.Qe2 Nd7 21.Bc4 Nc5 22.Bxe6 Nxe6 23.Qc4 Qc8
24.Ne2 f5 25.f4 d5 26.exd5 cxd5 27.Qxc8 Rfxc8 28.Rxd5 Rxc2 29.Rxe5 Bc5+ 30.Bf2 Bxf2+
31.Kxf2 Nxf4 32.Re3 Rb2 33.a4 Rb4 34.Kg1 Ng6 35.Rd1 Kh7 36.Rd5 f4 37.Re8 R4xb3
38.Rxa5 Re3 39.Rxe3 fxe3 40.Nd4 Nf4 41.Re5 Rxg2+ 42.Kh1 Rg3 43.a5 Rxh3+ 44.Kg1 e2
45.Nxe2 Nxe2+ 46.Rxe2 Ra3 47.Re5 Ra2 48.Rb5 g5 49.Rb7+ Kg6 50.Ra7 Kh5 51.a6 Kg4
52.Ra8 Kg3 53.Kf1 g4 54.a7 h5 55.Rh8 Ra1+ 56.Ke2 Rxa7 57.Rxh5 Kg2 58.Re5 Rf7
59.Re8 g3 60.Re6 Kh1 61.Rh6+ Kg1 62.Rg6 g2 63.Rg8 Rh7 64.Kf3 Rh3+ 65.Ke2 Kh1
66.Kf2 Rh2  0-1

[Event "chT-SLO"]
[Site "Bled SLO"]
[Date "2000.10.14"]
[Round "1"]
[White "Riegler,P"]
[Black "Kovac,B"]
[Result "1/2-1/2"]
[WhiteElo "2293"]
[BlackElo "2306"]

1.e4 c5 2.Nf3 e6 3.d4 cxd4 4.Nxd4 Nc6 5.Nc3 Qc7 6.Be3 Nf6 7.Bd3 d6 8.O-O a6
9.Kh1 e5 10.Nxc6 bxc6 11.Qe2 Be7 12.Na4 Rb8 13.c4 Qa5 14.b3 O-O 15.Rac1 Ng4
16.Bd2 Qd8 17.c5 dxc5 18.f3 Nf6 19.Rfd1 a5 20.Be3 Nd7 21.Rc2 Qc7 22.Rdc1 Bb7
23.Qf2 Rfd8 24.Bf1 Ba8 25.g3 Rb4 26.Bd2 Rb7 27.Bh3 Rb5 28.Bf1 Rb7 29.Qe1 Ra7
30.Bh3 Bb7 31.Be3 h6 32.Qc3 Bc8 33.Bf1 Ba6 34.Bxa6 Rxa6 35.Rd2 Raa8 36.Rcd1 Rab8
37.Kg2 Rb4 38.Nxc5 Rd4 39.Nd3 Rd6 40.Nb2 Rxd2+ 41.Qxd2 Nf8 42.Qc2 Ne6 43.Rxd8+ Bxd8
44.Qc3 Qd6 45.Nc4 Qd1 46.Qd2 Qa1 47.Nxa5 c5 48.Nc4 Bc7 49.Qb2 Qd1 50.Qd2 Qa1
51.a4 Nd4 52.Bxd4 exd4 53.Qc2 Qe1 54.f4 Ba5 55.Qd3 Bc3 56.Nd6 f6 57.Qc4+ Kh7
58.Kh3 Qd1 59.Qxc5 Qf1+ 60.Kh4 Qe2  1/2-1/2

[Event "FSIMA October"]
[Site "Budapest HUN"]
[Date "2000.10.14"]
[Round "8"]
[White "Resika,N"]
[Black "Somogyi,I"]
[Result "1-0"]
[WhiteElo "2267"]
[BlackElo "2260"]

1.e4 c5 2.Nf3 e6 3.d4 cxd4 4.Nxd4 Nc6 5.Nc3 Qc7 6.Ndb5 Qb8 7.Be3 a6 8.Bb6 axb5
9.Nxb5 Be7 10.Bc7 Nf6 11.Bxb8 Rxb8 12.Nd6+ Kf8 13.f4 g6 14.Bc4 Na5 15.Bb5 Kg7
16.g4 Rd8 17.Qd4 Nc6 18.Bxc6 dxc6 19.g5 Kg8 20.gxf6 Bxd6 21.Rd1  1-0

[Event "Bundesliga 2000-1"]
[Site "Solingen GER"]
[Date "2000.10.14"]
[Round "1"]
[White "Markgraf,A"]
[Black "Emms,J"]
[Result "0-1"]
[WhiteElo "2274"]
[BlackElo "2527"]

1.e4 c5 2.Nf3 Nc6 3.d4 cxd4 4.Nxd4 e6 5.Nc3 Qc7 6.Be2 a6 7.O-O Nf6 8.Be3 Be7
9.f4 d6 10.Kh1 O-O 11.a4 Nxd4 12.Bxd4 e5 13.Be3 exf4 14.Bxf4 Be6 15.Qd2 Nd7
16.Rfd1 Ne5 17.a5 Rac8 18.Be3 Rfe8 19.Bb6 Qc6 20.Rac1 h6 21.Nd5 Bg5 22.Be3 Bxe3
23.Qxe3 Bxd5 24.Rxd5 Re6 25.Qd4 Rce8 26.Bf3 Rf6 27.Be2 Nd7 28.Bf3 Rfe6 29.Rd1 Qxc2
30.Rxd6 Rxd6 31.Qxd6 Ne5 32.Qd2 Rc8 33.Qxc2 Rxc2 34.Rb1 g5 35.Kg1 Kg7 36.b4 Ra2
37.Kf1 Nxf3 38.gxf3 Rxh2 39.Kg1 Rc2 40.Rd1 Rb2 41.Rd4 Kf8 42.Rc4 Ke8 43.Kf1 Kd7
44.Rd4+ Ke6 45.Ke1 h5 46.Kf1 f6 47.Rc4 h4 48.Rd4 h3 49.Kg1 Ke5  0-1

[Event "Bundesliga 2000-1"]
[Site "Wattenscheid GER"]
[Date "2000.10.14"]
[Round "1"]
[White "Handke,F"]
[Black "Espig,L"]
[Result "1/2-1/2"]
[WhiteElo "2455"]
[BlackElo "2401"]

1.e4 c5 2.Nf3 e6 3.Nc3 Nc6 4.d4 cxd4 5.Nxd4 Qc7 6.Be3 Nf6 7.Bd3 a6 8.O-O Ne5
9.Nf3 d6 10.Nxe5 dxe5 11.Na4 Nd7 12.c4 b6 13.a3 Nc5 14.b4 Nxa4 15.Qxa4+ Bd7
16.Qb3 Be7 17.a4 O-O 18.a5 bxa5 19.Rxa5 Rfb8 20.Qa2 Bxb4 21.Rxa6 Rxa6 22.Qxa6 Bc5
23.Bxc5 Qxc5 24.Ra1 Kf8 25.Qa7 Qxa7 26.Rxa7 Ke8 27.Kf1 Rb2 28.Ke1 h6 29.h4 Rb4
30.Kd2 Ra4 31.Rxa4 Bxa4 32.Kc3 Kd7 33.Kb4 Bd1 34.c5 Kc7 35.Bb5 g5 36.hxg5 hxg5
37.Be8 f6 38.Bf7 Bc2 39.Bxe6 Bxe4 40.g3 f5 41.Kc4 Kc6 42.Bf7 f4 43.Be8+ Kc7
44.gxf4 gxf4  1/2-1/2

[Event "Match"]
[Site "Albert FRA"]
[Date "2000.10.15"]
[Round "6"]
[White "Short,N"]
[Black "Bacrot,E"]
[Result "1-0"]
[WhiteElo "2677"]
[BlackElo "2613"]

1.e4 c5 2.Nf3 Nc6 3.d4 cxd4 4.Nxd4 e6 5.Nc3 d6 6.Be3 Nf6 7.Be2 Be7 8.Qd2 O-O
9.O-O-O a6 10.f4 Qc7 11.g4 b5 12.g5 Nd7 13.a3 Bb7 14.f5 Nxd4 15.Bxd4 Rfe8
16.f6 Bf8 17.fxg7 Bxg7 18.Bxg7 Kxg7 19.Qxd6 Qxd6 20.Rxd6 Ne5 21.Kd2 Rad8
22.Rxd8 Rxd8+ 23.Ke3 h6 24.gxh6+ Kxh6 25.Rg1 Ng6 26.Rd1 Rxd1 27.Nxd1 f5 28.exf5 exf5
29.Nf2 Kg5 30.Nh3+ Kf6 31.Nf4 Ne7 32.h4  1-0

[Event "Tatry Open"]
[Site "Tatranske Zruby SVK"]
[Date "2000.10.15"]
[Round "9"]
[White "Vesselovsky,S"]
[Black "Privara,I"]
[Result "1-0"]
[WhiteElo "2417"]
[BlackElo "2270"]

1.e4 c5 2.Ne2 Nc6 3.Nbc3 e6 4.d4 cxd4 5.Nxd4 Nf6 6.Be2 Bb4 7.O-O Bxc3 8.bxc3 Nxe4
9.Bd3 d5 10.Ba3 Nxd4 11.cxd4 Qa5 12.Qc1 Bd7 13.Rb1 Bc6 14.Bb4 Qc7 15.f3 Nd6
16.Qa3 Nc4 17.Bxc4 dxc4 18.Rfe1 Bd5 19.Re5 Qd7 20.Bd6 O-O-O 21.Rxd5 exd5
22.Qxa7 Qc6 23.Rb6 Qxb6 24.Qxb6 Rd7 25.Qa7  1-0

[Event "ch-GRE"]
[Site "Agios Nikolaos GRE"]
[Date "2000.10.19"]
[Round "7"]
[White "Markidis,K"]
[Black "Banikas,H"]
[Result "0-1"]
[WhiteElo "2337"]
[BlackElo "2542"]

1.e4 c5 2.Nf3 e6 3.d4 cxd4 4.Nxd4 Nc6 5.Nc3 Qc7 6.g3 a6 7.Bg2 d6 8.O-O Bd7
9.Re1 Be7 10.Nxc6 bxc6 11.Na4 Rb8 12.c4 c5 13.Nc3 Bf6 14.Bf4 Bd4 15.Qd2 Ne7
16.b3 O-O 17.Rad1 a5 18.Rb1 Rfd8 19.Be3 Qa7 20.Red1 e5 21.Bxd4 cxd4 22.Nd5 Nxd5
23.cxd5 Rdc8 24.Rdc1 Qb6 25.Bf1 Qb4 26.Qxb4 axb4 27.Rxc8+ Rxc8 28.Bc4 f5
29.f3 g5 30.Re1 Kg7 31.Re2 g4 32.f4 fxe4 33.Rxe4 Kf6 34.Kf2 Bf5 35.Re1 Ra8
36.Ra1 Be4 37.Kg1 Bf3 38.Kf2 h5 39.h4 Kf5 40.fxe5 dxe5  0-1

[Event "Essent Open"]
[Site "Hoogeveen NED"]
[Date "2000.10.19"]
[Round "7"]
[White "Dvoirys,S"]
[Black "Cifuentes Parada,R"]
[Result "1-0"]
[WhiteElo "2562"]
[BlackElo "2490"]

1.e4 c5 2.Nf3 Nc6 3.Nc3 e6 4.d4 cxd4 5.Nxd4 Nf6 6.a3 d6 7.Bc4 Be7 8.O-O O-O
9.Ba2 a6 10.Kh1 Nxd4 11.Qxd4 b5 12.f4 Bb7 13.f5 e5 14.Qd3 h6 15.Bd2 a5 16.Qxb5 Ba6
17.Qc6 Bxf1 18.Rxf1 Qb8 19.Bc1 Rc8 20.Qa4 Rxc3 21.bxc3 Qc7 22.Bd2 Rb8 23.Bb3 Qc5
24.Be1 d5 25.exd5 Qxa3 26.Qxa3 Bxa3 27.Bg3 Bd6 28.Ra1 Ra8 29.c4 Ne4 30.Be1 Bc7
31.Ba4 Bb6 32.Bc6 Ra7 33.g4 Kf8 34.Kg2 Ke7 35.Kf3 Ng5+ 36.Ke2 Kd6 37.Rb1 Bd4
38.Rb5 a4 39.Bb4+ Kc7 40.Ba5+ Kd6 41.Bb4+ Kc7 42.c5 a3 43.Bxa3 Ne4 44.Bb4 Bc3
45.Kd3 Bxb4 46.Kxe4 Ba3 47.Kxe5 Kc8 48.d6  1-0

[Event "IV Copa Itau"]
[Site "Sao Paulo BRA"]
[Date "2000.10.21"]
[Round "6"]
[White "Alonso,N"]
[Black "Marques,V"]
[Result "0-1"]
[WhiteElo "2094"]
[BlackElo "2291"]

1.e4 c5 2.Nf3 Nc6 3.d4 cxd4 4.Nxd4 e6 5.Nc3 Qc7 6.Be3 a6 7.Bd3 Nf6 8.O-O Ne5
9.h3 Bc5 10.Qe2 d6 11.a4 O-O 12.a5 Bb4 13.Bd2 Bc5 14.Be3 Bd7 15.Kh1 b5 16.axb6 Qxb6
17.Na4 Bxa4 18.Rxa4 Qxb2 19.Nb3 Nxd3 20.Qxd3 Bxe3 21.fxe3 Rac8 22.Rf2 Rc3
23.Qxd6 Rxb3 24.Rxf6 Rb6  0-1

[Event "ch-GRE"]
[Site "Agios Nikolaos GRE"]
[Date "2000.10.23"]
[Round "11"]
[White "Aftsoglou,I"]
[Black "Mastrovasilis,D"]
[Result "1-0"]
[WhiteElo "2203"]
[BlackElo "2386"]

1.e4 c5 2.Nf3 e6 3.d4 cxd4 4.Nxd4 Nc6 5.Nc3 Qc7 6.g3 a6 7.Bg2 d6 8.O-O Bd7
9.Nb3 Nf6 10.Qe2 Be7 11.Bf4 Ne5 12.Rad1 O-O 13.Bc1 Nc4 14.f4 Rad8 15.g4 Bc8
16.g5 Nd7 17.f5 Rfe8 18.Rd3 g6 19.Rh3 Nde5 20.Kh1 b5 21.f6 Bf8 22.Rf4 h5
23.Rfh4 Ng4 24.Qxg4  1-0

[Event "22nd Open"]
[Site "Arco ITA"]
[Date "2000.10.24"]
[Round "4"]
[White "Drei,A"]
[Black "Schaefer,Mi"]
[Result "1-0"]
[WhiteElo "2350"]
[BlackElo "2221"]

1.e4 c5 2.Nf3 e6 3.d4 cxd4 4.Nxd4 Nc6 5.Nc3 a6 6.g3 Nge7 7.Bg2 d6 8.Nde2 Bd7
9.Bf4 Nc8 10.O-O Be7 11.Qd2 Ne5 12.b3 b5 13.a4 Rb8 14.axb5 axb5 15.h3 O-O
16.Be3 Qc7 17.f4 Ng6 18.Nd4 Rd8 19.h4 Bf6 20.Rad1 Nce7 21.Qd3 Bxd4 22.Bxd4 e5
23.Be3 exf4 24.Bxf4 Nxf4 25.Rxf4 Ng6 26.Rf2 Ne5 27.Qd4 Be6 28.Bf1 b4 29.Nb5 Qc6
30.Nxd6 Bg4 31.Qxe5 Bxd1 32.Rxf7 Qc3 33.Rxg7+ Kf8 34.Qe7+  1-0

[Event "3rd Open"]
[Site "Etang Sale FRA"]
[Date "2000.10.28"]
[Round "1"]
[White "Hafner,C"]
[Black "Marciano,D"]
[Result "0-1"]
[WhiteElo "2110"]
[BlackElo "2522"]

1.e4 c5 2.Nf3 e6 3.d4 cxd4 4.Nxd4 Nc6 5.Nc3 Qc7 6.Be2 a6 7.O-O Nf6 8.Kh1 Nxd4
9.Qxd4 Bc5 10.Qd3 b5 11.Be3 Bb7 12.Bxc5 Qxc5 13.Bf3 e5 14.a3 Rc8 15.Rad1 O-O
16.Qd6 Rfe8 17.Qxc5 Rxc5 18.Rd6 Re6 19.Rfd1 Kf8 20.Kg1 Rxd6 21.Rxd6 Bc6 22.Kf1 a5
23.Rd2 Rc4 24.Be2 Nxe4 25.Nxe4 Rxe4 26.Bf3 Rc4 27.Bxc6 dxc6 28.c3 Ke7 29.f3 Rc5
30.Re2 Rd5 31.Ke1 Kd6 32.Re4 f5 33.Rh4 h6 34.g4 Ke6 35.gxf5+ Kxf5 36.Rg4 g5
37.h4 Rc5 38.hxg5 hxg5 39.Kd2 Rc4 40.Rg2 Rf4 41.Ke3 e4 42.fxe4+ Rxe4+ 43.Kd3 g4
44.Rf2+ Rf4 45.Rg2 Rf3+ 46.Kd4 Rf4+ 47.Kd3 a4 48.Ke3 c5 49.Rg3 Rf1 50.Rg2 Rf3+
51.Ke2 Kf4 52.Rh2 Rh3 53.Rf2+ Ke4  0-1